• 首页
  • 本馆介绍
  • 公告通知
  • 最新文献
  • 馆藏检索
  • 电子资源
  • 读者导购
  • 参考咨询
  • 我的图书馆
  • 登录
  • 详细信息显示
  • 放入我的书架
  • 预约/预借图书
  • 作者相关作品
  • 分类相关作品
  • 丛书相关作品
  • 出版社相关作品

书目信息

  • 表格格式
  • 工作单格式
  • 卡片格式
题名:
文艺复兴时期的佛罗伦萨
    
 
作者: 布鲁克 著 ;朱龙华 译
分册:  
出版信息: 北京   三联书店  1985
页数: 439页
开本: 19cm
丛书名: 文化生活译丛
单 册:
中图分类: K546.320.6
科图分类:
主题词: 意大利--中世纪史--1300~1494
电子资源:
ISBN:
000 00777nam2 2200265 45
001 0185009174
005 20060424164202.70
010    @dCNY2.45
091    @a10002.48
100    @a19901008d1985 mk y0chiy0121 ea
101 1  @achi@ceng
102    @aCN@b110000
105    @af z 000yd
200 10 @a文艺复兴时期的佛罗伦萨@Awen yi fu xing shi qi de fo luo lun sa@f(美)G·A·布鲁克著@F(mei)G·A·bu lu ke zhu@g朱龙华译
210    @a北京@c三联书店@d1985
215    @a439页@c照片@d19cm
225 2  @a文化生活译丛
410  0 @120010@a文化生活译丛
606 0  @a意大利@x中世纪史@z1300~1494
690    @aK546.320.6@v3
701  0 @a布鲁克@Abu lu ke@4著
702  0 @a朱龙华@4译
801  2 @aCN@bNLC@c20060424
801  0 @aCN@b深圳图书馆@c20040512
905    @dK546.320.6@e1
    
    文艺复兴时期的佛罗伦萨/(美)G·A·布鲁克著/朱龙华译.-北京:三联书店,1985
    439页:照片;19cm.-(文化生活译丛)
    
    
    ISBN :CNY2.45
    
●
相关链接 在E读中查询图书 在五车中查询图书 在当当中查询图书 在豆瓣中查询图书


正题名:文艺复兴时期的佛罗伦萨     索取号:K546.320.6/1         预约/预借

序号 登录号 条形码 馆藏地/架位号 状态 备注
1 0172130   002000523   第二借阅区/ [索取号:K546.320.6/1] 在馆    
2 0172131   001394529   第二借阅区/ [索取号:K546.320.6/1] 在馆    
3 0172132   001394565   第二样本阅览室/ [索取号:K546.320.6/1] 在馆    
4 0225379   001394440   第二借阅区/ [索取号:K546.320.6/1] 在馆    
5 0225381   001394486   第二借阅区/ [索取号:K546.320.6/1] 在馆    
6 0255380   202282519   密集书库/ [索取号:K546.320.6/1] 在馆    
唐山师范学院图书馆 欢迎您!
大连网信软件有限公司© 版权所有